000 00622nam a2200241Ia 4500
008 170203s9999 xx 000 0 und d
020 _a0 753407957
050 _a0 30
050 _bK41q 2000
100 _aKerrod, Robin.
245 _aStars and planets /
245 _cRobin Kerrod.
260 _aLondon : `
260 _bKingfisher.
300 _a40 pages :
300 _bcolor illustrations ;
300 _c27 cm.
440 _aQuestions & answers.
650 _aPlanets -- Miscellanea --
650 _aStars -- Miscellanea --
650 _xJuvenile literature.
650 _xJuvenile literature.
999 _c305644
_d305644